[Event "49th Bosna it"]
[Site "Sarajevo BIH"]
[Date "2019.04.30"]
[Round "6.40"]
[White "Beslija, Hana"]
[Black "Pistalovic, Slobodan"]
[Result "0-1"]
[WhiteElo "1297"]
[BlackElo "1865"]
[EventDate "2019.04.27"]
[PlyCount "38"]

1.f4 d5 2.Nf3 Nf6 3.b3 c6 4.Bb2 Bg4 5.e3 e6 6.Be2 Be7 7.Nc3 Nbd7 8.Nd4 
Bxe2 9.Ncxe2 O-O 10.h3 Ne4 11.O-O Bf6 12.d3 Nd6 13.Bc3 c5 14.Nf3 Nf5 15.
Bxf6 Qxf6 16.Qd2 Rfe8 17.g4 Nh4 18.g5 Nxf3+ 19.Rxf3 Qxa1+ 0-1

[Event "49th Bosna it"]
[Site "Sarajevo BIH"]
[Date "2019.04.30"]
[Round "6.41"]
[White "Culum, Sanjin"]
[Black "Lakota, Izet"]
[Result "1-0"]
[WhiteElo "1864"]
[BlackElo "1750"]
[EventDate "2019.04.27"]
[PlyCount "91"]

1.d4 d5 2.Nf3 g6 3.g3 Bg7 4.Bg2 c6 5.O-O Nf6 6.c4 O-O 7.Nc3 dxc4 8.Ne5 
Nbd7 9.Nxc4 Nb6 10.Ne5 Nbd5 11.Qc2 Nb4 12.Qd1 Be6 13.a3 Nbd5 14.Qc2 Rc8 
15.Rd1 Qa5 16.Bd2 Nxc3 17.bxc3 Nd7 18.Nd3 Bc4 19.Rdb1 Qc7 20.Bf4 Bxd3 21.
exd3 e5 22.dxe5 Bxe5 23.Bxe5 Nxe5 24.d4 Nd7 25.a4 b6 26.a5 Rfe8 27.Qb3 Kg7
28.Bf3 Qd6 29.axb6 axb6 30.Ra7 Rc7 31.Qa4 Rec8 32.Ra6 f5 33.Rd1 Qe6 34.d5 
cxd5 35.Qd4+ Qf6 36.Qxd5 Qxc3 37.Kg2 Rb8 38.Raa1 Nf6 39.Qe6 Qc4 40.Qe5 Re8
41.Qb2 Qe6 42.Ra3 Rb8 43.Re3 Qf7 44.Rd6 Re7 45.Rxf6 Qxf6 46.Rxe7+ 1-0

[Event "49th Bosna it"]
[Site "Sarajevo BIH"]
[Date "2019.04.30"]
[Round "6.42"]
[White "Zaloznik, Gal"]
[Black "Medic, Nevenko"]
[Result "0-1"]
[WhiteElo "1304"]
[BlackElo "1983"]
[EventDate "2019.04.27"]
[PlyCount "35"]

1.e4 c6 2.d4 d5 3.e5 c5 4.c3 Nc6 5.Nf3 Bg4 6.g3 cxd4 7.cxd4 Bxf3 8.Qxf3 
Nxd4 9.Qd3 Nc6 10.Bg2 e6 11.f4 Bc5 12.Be3 Qb6 13.Bxc5 Qxc5 14.Nc3 a6 15.
Ke2 Nb4 16.Qd1 Qc4+ 17.Ke1 Nd3+ 18.Ke2 0-1

[Event "49th Bosna it"]
[Site "Sarajevo BIH"]
[Date "2019.04.30"]
[Round "6.43"]
[White "Bunjo, Adnan"]
[Black "Gazija, Tarik"]
[Result "1-0"]
[WhiteElo "1974"]
[BlackElo "1494"]
[EventDate "2019.04.27"]
[PlyCount "43"]

1.Nf3 Nc6 2.d4 d5 3.e3 Nf6 4.c4 e6 5.cxd5 exd5 6.a3 a5 7.Bd3 Bd6 8.h3 h6 
9.O-O O-O 10.Re1 Re8 11.Nc3 Bd7 12.Nb5 Bf8 13.b3 Na7 14.Nxa7 Rxa7 15.Bb2 
c6 16.Ne5 Bd6 17.f4 Ne4 18.Bxe4 Bxe5 19.dxe5 dxe4 20.Qd4 Ra8 21.e6 Bxe6 
22.Qxg7# 1-0

[Event "49th Bosna it"]
[Site "Sarajevo BIH"]
[Date "2019.04.30"]
[Round "6.44"]
[White "Colpa, Husein"]
[Black "Tutic, Amina"]
[Result "1-0"]
[WhiteElo "1854"]
[BlackElo "1429"]
[EventDate "2019.04.27"]
[PlyCount "57"]

1.e4 c5 2.Nf3 e6 3.d4 cxd4 4.Nxd4 Nf6 5.Nd2 Nc6 6.Nxc6 bxc6 7.Bd3 Be7 8.
O-O O-O 9.e5 Nd5 10.c4 Nf4 11.Bb1 Bb7 12.Ne4 Ng6 13.f4 Qb6+ 14.Kh1 Bc5 15.
Rf3 Bb4 16.Rh3 h6 17.a3 Be7 18.b4 f6 19.Rg3 Nh8 20.c5 Qd8 21.Qh5 fxe5 22.
Qxh6 Bf6 23.Qh7+ Kf7 24.Nd6+ Ke7 25.fxe5 Bxe5 26.Qh4+ Bf6 27.Rxg7+ Rf7 28.
Bg5 Qf8 29.Bxf6# 1-0

[Event "49th Bosna it"]
[Site "Sarajevo BIH"]
[Date "2019.04.30"]
[Round "6.45"]
[White "Strinic, Hamdija"]
[Black "Bavcic, Fuad"]
[Result "1-0"]
[WhiteElo "1751"]
[BlackElo "1681"]
[EventDate "2019.04.27"]
[PlyCount "79"]

1.e4 e6 2.d4 d5 3.Nd2 c5 4.dxc5 Bxc5 5.Qg4 g6 6.e5 Qb6 7.Nh3 Nc6 8.Qa4 Bd7
9.Bb5 Nxe5 10.Bxd7+ Nxd7 11.O-O Qc6 12.Qg4 Ngf6 13.Qh4 Be7 14.Qd4 Qxc2 15.
Nb3 Qe4 16.Qc3 Bb4 17.Qc7 b6 18.Bh6 Ke7 19.Bg7 Rhc8 20.Bxf6+ Ke8 21.Qg3 
Nxf6 22.Ng5 Qc2 23.Nd4 Qxb2 24.Qe5 Be7 25.Nxf7 Kxf7 26.Qxe6+ Kf8 27.Nc6 
Rc7 28.Rae1 Qa3 29.Ne5 Bd8 30.Nc6 Rac8 31.Nxd8 Rxd8 32.Qxf6+ Rf7 33.Qxd8+ 
Kg7 34.Qxd5 Qa4 35.Re4 Qa3 36.Rd1 a6 37.Qe5+ Kg8 38.Rd8+ Rf8 39.Rxf8+ Qxf8
40.Rd4 1-0

[Event "49th Bosna it"]
[Site "Sarajevo BIH"]
[Date "2019.04.30"]
[Round "6.46"]
[White "Smajic, Ervin"]
[Black "Pleh, Semir"]
[Result "0-1"]
[WhiteElo "1556"]
[BlackElo "1829"]
[EventDate "2019.04.27"]
[PlyCount "56"]

1.Nf3 c5 2.c4 d5 3.cxd5 Qxd5 4.Nc3 Qd8 5.d4 cxd4 6.Qxd4 Bd7 7.e3 Nc6 8.Qd1
a6 9.Bc4 Nf6 10.Qb3 e6 11.Qc2 Bd6 12.O-O O-O 13.b3 b5 14.Be2 Rc8 15.Bb2 
Ne5 16.Qd2 Bc6 17.Nd4 Bb7 18.Rac1 Qe7 19.Bd3 Rfd8 20.Bb1 Nc6 21.Nce2 Bb8 
22.Nxc6 Bxc6 23.Bxf6 Qxf6 24.Qa5 Bb7 25.Qb6 Qe7 26.Nd4 Bc7 27.Rxc7 Qxc7 
28.Qxc7 Rxc7 0-1

[Event "49th Bosna it"]
[Site "Sarajevo BIH"]
[Date "2019.04.30"]
[Round "6.47"]
[White "Jurisic, Iskra"]
[Black "Odzak, Tarik"]
[Result "1-0"]
[WhiteElo "1748"]
[BlackElo "1354"]
[EventDate "2019.04.27"]
[PlyCount "53"]

1.d4 e6 2.Nf3 f5 3.Bf4 Nf6 4.e3 Be7 5.Bd3 O-O 6.h3 b6 7.O-O Bb7 8.Nbd2 Ne4
9.Bxe4 fxe4 10.Ne5 d5 11.Qg4 Bc8 12.f3 exf3 13.Ndxf3 Bf6 14.Bg5 Qe8 15.
Bxf6 Rxf6 16.Ng5 Nd7 17.Nxd7 Rxf1+ 18.Rxf1 Bxd7 19.Qh4 h6 20.Nf7 Qc8 21.
Qg3 Kh7 22.h4 Be8 23.h5 Qd7 24.Qg6+ Kg8 25.Nxh6+ Kh8 26.Nf7+ Bxf7 27.Rxf7 
1-0

[Event "49th Bosna it"]
[Site "Sarajevo BIH"]
[Date "2019.04.30"]
[Round "6.48"]
[White "Fejzic, Danis"]
[Black "Hamzic, Adil"]
[Result "1-0"]
[WhiteElo "1539"]
[BlackElo "1708"]
[EventDate "2019.04.27"]
[PlyCount "57"]

1.e4 c5 2.Nf3 d6 3.d4 cxd4 4.Nxd4 Nf6 5.Nc3 a6 6.Be3 b5 7.f3 Bb7 8.Qd2 
Nbd7 9.O-O-O e6 10.g4 Rc8 11.h4 Nb6 12.h5 Nc4 13.Bxc4 Rxc4 14.g5 Nd7 15.g6
Be7 16.gxf7+ Kxf7 17.Rhg1 Rc5 18.Rxg7+ Kxg7 19.Nxe6+ Kf7 20.Nxd8+ Rxd8 21.
Bxc5 Nxc5 22.Nd5 Bxd5 23.Qxd5+ Ke8 24.Qg8+ Kd7 25.Qxh7 Rf8 26.e5 Kd8 27.
exd6 Bg5+ 28.Kb1 Nd7 29.a3 1-0

[Event "49th Bosna it"]
[Site "Sarajevo BIH"]
[Date "2019.04.30"]
[Round "6.49"]
[White "Hadziabdic, Nadja"]
[Black "Rakita, Jandrija"]
[Result "0-1"]
[WhiteElo "1102"]
[BlackElo "1689"]
[EventDate "2019.04.27"]
[PlyCount "124"]

1.e4 e5 2.Nf3 d6 3.Bc4 h6 4.Nc3 Nf6 5.h3 a6 6.a3 Bd7 7.d3 Qc8 8.Be3 Nc6 9.
Qd2 Be6 10.Nd5 Be7 11.Ba2 b5 12.b4 Rb8 13.c4 Nd8 14.Rc1 c6 15.cxb5 axb5 
16.Nxe7 Kxe7 17.Bxe6 Kxe6 18.Qa2+ Ke7 19.O-O Qa6 20.Nh4 Re8 21.Nf5+ Kf8 
22.Nxd6 Re7 23.Nf5 Rd7 24.Bc5+ Kg8 25.Rfd1 Ra8 26.Rc3 Nxe4 27.Nxh6+ gxh6 
28.Qe2 Nxc5 29.Rxc5 Ne6 30.Rxe5 Qxa3 31.Rxe6 fxe6 32.Qxe6+ Rf7 33.Qg6+ Rg7
34.Qe6+ Rf7 35.Qg6+ Rg7 36.Qe6+ Kh7 37.Qf5+ Kh8 38.Qf6 Qxb4 39.Qxh6+ Kg8 
40.Qe6+ Rf7 41.Qg6+ Kf8 42.Qh6+ Kg8 43.Qg6+ Rg7 44.Qe6+ Kh7 45.Qf5+ Kh6 
46.Qf6+ Rg6 47.Qf3 Qc5 48.d4 Qh5 49.g4 Qg5 50.Re1 Rf6 51.Qd3 Qf4 52.Re2 
Raf8 53.d5 Rd8 54.Re7 Qxf2+ 55.Kh1 Qf3+ 56.Qxf3 Rxf3 57.Re6+ Kg5 58.Re5+ 
Kf4 59.Rf5+ Kg3 60.Rxf3+ Kxf3 61.dxc6 b4 62.c7 Rc8 0-1

[Event "49th Bosna it"]
[Site "Sarajevo BIH"]
[Date "2019.04.30"]
[Round "6.50"]
[White "Hasanovic, Jakub"]
[Black "Zaloznik, Vesna"]
[Result "0-1"]
[WhiteElo "1682"]
[BlackElo "1556"]
[EventDate "2019.04.27"]
[PlyCount "58"]

1.d4 Nf6 2.c4 e5 3.dxe5 Ng4 4.Nd2 Nxe5 5.e3 Bc5 6.Nb3 Bb4+ 7.Bd2 a5 8.a3 
Bxd2+ 9.Qxd2 b6 10.Nd4 Bb7 11.Ngf3 Ng6 12.Be2 O-O 13.O-O Nc6 14.Rad1 Qf6 
15.Nxc6 Bxc6 16.Qd4 Qe7 17.Ne1 Nh4 18.f3 Nf5 19.Qd3 Nxe3 20.Nc2 Nxd1 21.
Bxd1 Rfe8 22.Rf2 Qf6 23.Ne3 Re7 24.Re2 Rae8 25.Bc2 g6 26.Ng4 Qxb2 27.Rd2 
Qc1+ 28.Bd1 Qa1 29.Kf2 h5 0-1

[Event "49th Bosna it"]
[Site "Sarajevo BIH"]
[Date "2019.04.30"]
[Round "6.51"]
[White "Mujicic, Benjamin"]
[Black "Mrkovic, Nikola"]
[Result "0-1"]
[WhiteElo "1488"]
[BlackElo "1448"]
[EventDate "2019.04.27"]
[PlyCount "120"]

1.Nf3 Nc6 2.d4 d5 3.c4 e6 4.Nc3 Nf6 5.e3 dxc4 6.Bxc4 Be7 7.O-O O-O 8.Re1 
Bb4 9.a3 Ba5 10.Bd2 Re8 11.Ne2 Bxd2 12.Qxd2 e5 13.d5 Ne7 14.Nc3 e4 15.Ng5 
Bf5 16.f3 exf3 17.Nxf3 Ne4 18.Nxe4 Bxe4 19.Rad1 Qd7 20.Ne5 Qd6 21.Qd4 Bg6 
22.Nxg6 Nxg6 23.e4 Ne5 24.Ba2 Qg6 25.Kh1 a6 26.h3 Rad8 27.Qc3 c6 28.Qb4 
Qg3 29.Rf1 Nd3 30.Qd2 Ne5 31.Qf2 Qxf2 32.Rxf2 cxd5 33.exd5 Kf8 34.Rfd2 Rd6
35.Rc2 b6 36.b4 Ke7 37.Rc7+ Rd7 38.Rxd7+ Kxd7 39.Kg1 Rc8 40.Bb1 Rc3 41.a4 
Rb3 42.Bxh7 g6 43.Re1 Kd6 44.Bg8 Rxb4 45.Rf1 Ke7 46.Re1 Kf6 47.Rd1 Kg7 48.
d6 Kxg8 49.d7 Nxd7 50.Rxd7 Rxa4 51.Kf2 b5 52.Ke1 Ra2 53.g3 b4 54.Rd2 Rxd2 
55.Kxd2 a5 56.Kc2 a4 57.h4 Kg7 58.g4 Kf6 59.Kb2 Ke5 60.Kc2 Kf4 0-1

[Event "49th Bosna it"]
[Site "Sarajevo BIH"]
[Date "2019.05.01"]
[Round "7.1"]
[White "Sadikhov, Ulvi"]
[Black "Brkic, Ante"]
[Result "1/2-1/2"]
[WhiteElo "2479"]
[BlackElo "2560"]
[EventDate "2019.04.27"]
[PlyCount "108"]

1.e4 e5 2.Nf3 Nc6 3.Bb5 a6 4.Ba4 Nf6 5.d3 d6 6.c4 g6 7.O-O Bg7 8.Nc3 O-O 
9.h3 Nd4 10.Nxd4 exd4 11.Ne2 Nd7 12.b4 a5 13.Bxd7 Bxd7 14.b5 f5 15.exf5 
Bxf5 16.Ng3 Be6 17.Ne4 d5 18.Bg5 Qc8 19.cxd5 Bxd5 20.Qg4 Qxg4 21.hxg4 Bxe4
22.dxe4 Rfe8 23.Rac1 Rac8 24.Bd2 Rxe4 25.Bxa5 c5 26.Rc4 Re2 27.a4 d3 28.
Rd1 Rc2 29.Rxc2 dxc2 30.Rc1 Ra8 31.Bb6 Rxa4 32.Rxc2 c4 33.Rd2 Bf6 34.Be3 
c3 35.Rd5 b6 36.g5 Be7 37.Rd3 Rc4 38.Kf1 Bc5 39.Bc1 Kf7 40.Ke2 Ke6 41.Rh3 
Ra4 42.Rxc3 Ra2+ 43.Kd1 Rxf2 44.Rh3 Kd5 45.Rxh7 Kc4 46.Rh4+ Kd3 47.Rh3+ 
Kc4 48.Rh4+ Kxb5 49.Rh6 Rxg2 50.Rxg6 Bd4 51.Re6 Kc4 52.Be3 Bxe3 53.Rxe3 
Rxg5 54.Kc2 Rg2+ 1/2-1/2

[Event "49th Bosna it"]
[Site "Sarajevo BIH"]
[Date "2019.05.01"]
[Round "7.2"]
[White "Kadric, Denis"]
[Black "Kjartansson, Gudmundur"]
[Result "1/2-1/2"]
[WhiteElo "2542"]
[BlackElo "2444"]
[EventDate "2019.04.27"]
[PlyCount "100"]

1.e4 e5 2.Nf3 Nc6 3.d3 Nf6 4.Be2 d5 5.Nbd2 g6 6.c3 Bg7 7.b4 a6 8.O-O O-O 
9.Bb2 Re8 10.Re1 b6 11.Bf1 Bb7 12.a4 Nb8 13.Qb3 Nbd7 14.Rad1 c5 15.exd5 
Nxd5 16.Ne4 Qc7 17.bxc5 Nxc5 18.Nxc5 bxc5 19.d4 exd4 20.cxd4 Rxe1 21.Rxe1 
Qb6 22.Bc4 Qxb3 23.Bxb3 Rb8 24.Ba1 Nc3 25.Ng5 Bxd4 26.Bxf7+ Kh8 27.Ne6 
Ne2+ 28.Kf1 Bxa1 29.Rxa1 Bd5 30.Nxc5 Ng3+ 31.hxg3 Bxf7 32.a5 Bc4+ 33.Kg1 
Kg7 34.Rc1 Rb4 35.f3 Bb5 36.g4 g5 37.Rc2 Rb1+ 38.Kf2 Ra1 39.Nb7 Ra3 40.g3 
Kf6 41.f4 h5 42.gxh5 gxf4 43.gxf4 Kf5 44.Nd6+ Kxf4 45.Nxb5 axb5 46.h6 Rxa5
47.Rc8 Ra2+ 48.Kg1 Ra7 49.Rb8 Rh7 50.Rxb5 Rxh6 1/2-1/2

[Event "49th Bosna it"]
[Site "Sarajevo BIH"]
[Date "2019.05.01"]
[Round "7.3"]
[White "Predojevic, Borki"]
[Black "Subelj, Jan"]
[Result "1-0"]
[WhiteElo "2621"]
[BlackElo "2407"]
[EventDate "2019.04.27"]
[PlyCount "83"]

1.c4 e6 2.Nf3 Nf6 3.Nc3 d5 4.e3 c5 5.d4 Nc6 6.cxd5 Nxd5 7.Bd3 Be7 8.O-O 
cxd4 9.exd4 O-O 10.Re1 Re8 11.a3 Nxc3 12.bxc3 b6 13.h4 Bb7 14.Ng5 Bxg5 15.
Bxg5 Qd7 16.Qg4 f5 17.Qg3 Na5 18.Re3 Rac8 19.Rae1 Bd5 20.Ba6 Ra8 21.Bd3 
Rac8 22.Ba6 Ra8 23.Be2 Qf7 24.Bf4 Bc4 25.Bf3 Bd5 26.Be2 Bc4 27.Bd1 Bb3 28.
Bxb3 Nxb3 29.Qf3 Nd2 30.Qe2 Ne4 31.f3 Nf6 32.Rxe6 Rxe6 33.Qxe6 Qxe6 34.
Rxe6 Nd5 35.Be5 b5 36.Rc6 Kf7 37.Rc5 Ke6 38.Rc6+ Kf7 39.Rc5 Ke6 40.Rxb5 
Rc8 41.Ra5 Rxc3 42.Ra6+ 1-0

[Event "49th Bosna it"]
[Site "Sarajevo BIH"]
[Date "2019.05.01"]
[Round "7.4"]
[White "Burovic, Rijad"]
[Black "Kozul, Zdenko"]
[Result "0-1"]
[WhiteElo "2393"]
[BlackElo "2589"]
[EventDate "2019.04.27"]
[PlyCount "84"]

1.e4 c5 2.Nc3 e6 3.Nf3 a6 4.d4 cxd4 5.Nxd4 d6 6.Bd3 Nf6 7.O-O Be7 8.Kh1 
Nc6 9.Nb3 b5 10.f4 Bb7 11.Qf3 O-O 12.Qh3 g6 13.Be3 h5 14.a4 Nb4 15.Nd4 
Nxd3 16.cxd3 b4 17.Nce2 Ng4 18.f5 e5 19.Ne6 fxe6 20.fxg6 Bh4 21.Rxf8+ Qxf8
22.Qxh4 Nxe3 23.Qxh5 Qe7 24.Qh3 Nd5 25.exd5 Bxd5 26.Rf1 Qg7 27.Qg4 Rf8 28.
Rxf8+ Qxf8 29.Qh3 Qg7 30.Qh5 Bc6 31.Qg4 Qf6 32.Ng3 Be8 33.Qxb4 Qf2 34.d4 
Bc6 35.Qb8+ Kg7 36.Nh5+ Kxg6 37.Nf4+ Qxf4 38.Qg8+ Kh5 39.Qh7+ Qh6 40.Qc2 
Qg6 41.Qxg6+ Kxg6 42.dxe5 d5 0-1

[Event "49th Bosna it"]
[Site "Sarajevo BIH"]
[Date "2019.05.01"]
[Round "7.5"]
[White "Djukic, Nikola"]
[Black "Buljubasic, Sabahudin"]
[Result "1/2-1/2"]
[WhiteElo "2566"]
[BlackElo "2347"]
[EventDate "2019.04.27"]
[PlyCount "96"]

1.g3 Nf6 2.Bg2 d5 3.c4 c6 4.Qc2 g6 5.b3 Bg7 6.Bb2 O-O 7.Nf3 a5 8.a3 Na6 9.
d3 Re8 10.Nbd2 Bg4 11.Ne5 Bf5 12.O-O Qd6 13.e4 dxe4 14.dxe4 Nxe4 15.Nxe4 
Bxe5 16.Nxd6 Bxc2 17.Nxe8 Bxb2 18.Ra2 Bxb3 19.Rxb2 a4 20.Rc1 Rxe8 21.c5 
Nc7 22.Bf1 Ne6 23.Rd2 Kf8 24.f4 Ra8 25.Rd7 Rb8 26.Bh3 f5 27.Rd3 Ra8 28.Kf2
Ra5 29.Rdc3 Kf7 30.Bf1 Kf6 31.Ke3 h6 32.Bd3 h5 33.Be2 Kg7 34.Kd2 Kf6 35.
Bd3 Bd5 36.Ke3 Bb3 37.h3 Bd5 38.Bf1 Kf7 39.Be2 Kf6 40.g4 h4 41.gxf5 gxf5 
42.Bh5 Ng7 43.Bf3 Bxf3 44.Kxf3 Ne6 45.Rc4 Kf7 46.Re1 Kf6 47.Rec1 Kf7 48.
Re1 Kf6 1/2-1/2

[Event "49th Bosna it"]
[Site "Sarajevo BIH"]
[Date "2019.05.01"]
[Round "7.10"]
[White "Kontic, Djordjije"]
[Black "Jakovljevic, Vlado"]
[Result "1/2-1/2"]
[WhiteElo "2267"]
[BlackElo "2356"]
[EventDate "2019.04.27"]
[PlyCount "149"]

1.e4 c5 2.Nf3 d6 3.d4 cxd4 4.Nxd4 Nf6 5.Nc3 a6 6.Be3 e6 7.Qf3 Nbd7 8.O-O-O
Qc7 9.Qg3 b5 10.a3 Bb7 11.f3 Ne5 12.Kb1 Rc8 13.h4 Nc4 14.Bxc4 Qxc4 15.Nb3 
Qc7 16.h5 h6 17.Bf4 e5 18.Be3 Bc6 19.Qf2 Rb8 20.g4 Be7 21.Qd2 a5 22.Nd5 
Bxd5 23.exd5 Ra8 24.Qd3 Qc4 25.Qxc4 bxc4 26.Nd2 c3 27.Ne4 cxb2 28.Kxb2 Kd7
29.c4 Rhc8 30.c5 dxc5 31.d6 Nxe4 32.dxe7+ Nd6 33.e8=Q+ Rxe8 34.Bxc5 Ra6 
35.Rd5 Ke6 36.Rhd1 Nb7 37.f4 exf4 38.Rf5 f6 39.Bf2 Nd6 40.Re1+ Kf7 41.Rxe8
Nxf5 42.Re4 Ne3 43.Rxf4 Nd1+ 44.Kb3 Nxf2 45.Rxf2 Re6 46.Ka4 Re4+ 47.Kxa5 
Rxg4 48.a4 Rg5+ 49.Kb6 Rxh5 50.a5 Re5 51.Rc2 g5 52.a6 Re8 53.Kb7 Re1 54.
Ra2 Re7+ 55.Kb6 Re8 56.a7 h5 57.Kb7 Re7+ 58.Kc6 Rxa7 59.Rxa7+ Ke6 60.Ra1 
Ke5 61.Re1+ Kf4 62.Rf1+ Ke5 63.Re1+ Kf4 64.Rf1+ Ke5 65.Re1+ Kf4 66.Rf1+ 
Kg3 67.Kd5 h4 68.Ke4 g4 69.Rg1+ Kf2 70.Rxg4 f5+ 71.Kxf5 h3 72.Rf4+ Kg3 73.
Rg4+ Kf2 74.Rf4+ Kg3 75.Rg4+ 1/2-1/2

[Event "49th Bosna it"]
[Site "Sarajevo BIH"]
[Date "2019.05.01"]
[Round "7.11"]
[White "Sitnic, Adnan"]
[Black "Sutkovic, Damir"]
[Result "0-1"]
[WhiteElo "2174"]
[BlackElo "2350"]
[EventDate "2019.04.27"]
[PlyCount "146"]

1.e4 c5 2.f4 b6 3.c4 Bb7 4.Nc3 Nc6 5.Nf3 g6 6.d4 cxd4 7.Nxd4 Bg7 8.Be3 
Nxd4 9.Bxd4 Nf6 10.Bd3 O-O 11.O-O d6 12.Nd5 e6 13.Nc3 e5 14.Be3 exf4 15.
Rxf4 Bh6 16.Rf3 Bxe3+ 17.Rxe3 Nd7 18.Be2 Ne5 19.Qd4 Qf6 20.Rd3 Rfd8 21.Rf1
Qg7 22.Rdd1 Bc6 23.Qe3 Rd7 24.Qf4 Rf8 25.Qf6 Qxf6 26.Rxf6 Rfd8 27.Rd4 h5 
28.h3 Kf8 29.Kf2 Ke7 30.Rf4 Rb8 31.Ke3 Rdd8 32.Rf1 Rf8 33.g3 Rbd8 34.Rf2 
Rc8 35.Bf1 Rc7 36.Rfd2 Rd8 37.b3 Rcc8 38.Be2 Rb8 39.Bd1 Rd7 40.Rf2 Rdd8 
41.Rfd2 Rd7 42.Rf2 Rf8 43.Be2 Rdd8 44.Bf1 f6 45.Be2 Rf7 46.Bd1 Nd7 47.Rfd2
Ne5 48.Rf2 a5 49.Be2 Nd7 50.Bd1 Nc5 51.g4 hxg4 52.Bxg4 Nd7 53.Bxd7 Rxd7 
54.Rd3 Rh7 55.Kd4 Rh4 56.Rg3 Kf7 57.Kd3 Re7 58.Rgf3 f5 59.Rf4 Bxe4+ 60.Kd4
Rxf4 61.Rxf4 g5 62.Rf2 Kf6 63.Nd5+ Bxd5 64.Kxd5 Re3 65.Rh2 f4 66.Kxd6 Kf5 
67.Kc7 Re6 68.a3 f3 69.b4 axb4 70.axb4 Kf4 71.c5 bxc5 72.bxc5 Kg3 73.Rh1 
f2 0-1

[Event "49th Bosna it"]
[Site "Sarajevo BIH"]
[Date "2019.05.01"]
[Round "7.12"]
[White "Bistric, Faruk"]
[Black "Aleksic, Neven"]
[Result "1-0"]
[WhiteElo "2347"]
[BlackElo "2184"]
[EventDate "2019.04.27"]
[PlyCount "129"]

1.d4 Nf6 2.Nc3 d5 3.Bg5 c6 4.Qd2 Bf5 5.f3 Nbd7 6.g4 Bg6 7.Bf4 Qa5 8.e3 e6 
9.Nge2 Nb6 10.Nd1 Qxd2+ 11.Kxd2 Nc4+ 12.Kc1 Rc8 13.a4 c5 14.b3 Na5 15.Ndc3
cxd4 16.exd4 Bb4 17.Kb2 Kd7 18.Rc1 a6 19.Bg2 h6 20.Rhd1 Rhd8 21.Bg3 Ke7 
22.Bf1 Rd7 23.Na2 Bd6 24.Bxd6+ Kxd6 25.Nf4 Bh7 26.Nb4 Nc6 27.Nxc6 Rxc6 28.
a5 e5 29.dxe5+ Kxe5 30.Ne2 g5 31.Rd2 Rdc7 32.c3 Re6 33.Ra1 Re8 34.Ra4 Nd7 
35.Rad4 Nf6 36.Rb4 Nd7 37.Nd4 Kd6 38.Bd3 Bxd3 39.Rxd3 Ne5 40.Nf5+ Kc5 41.
Rdd4 Nc6 42.Rb6 Nxa5 43.Rd6 Re2+ 44.Ka3 Nc6 45.R4xd5+ Kb6 46.Rxh6 Ka7 47.
Rc5 Rd7 48.Nd6 Ne5 49.Rf6 Re3 50.Nc4 Nxc4+ 51.Rxc4 Re2 52.Rc5 Rxh2 53.Rxg5
Rc7 54.c4 Re7 55.Rgf5 Rh7 56.c5 Rc7 57.Kb4 Rd7 58.Ka5 Rh1 59.Kb4 Rd4+ 60.
Kc3 Rhd1 61.Rd6 R1d3+ 62.Kb2 Rd2+ 63.Ka3 Rxd6 64.cxd6 Rxd6 65.Rxf7 1-0

[Event "49th Bosna it"]
[Site "Sarajevo BIH"]
[Date "2019.05.01"]
[Round "7.13"]
[White "Marn, Jan"]
[Black "Bilic, Vladimir"]
[Result "1-0"]
[WhiteElo "2150"]
[BlackElo "2343"]
[EventDate "2019.04.27"]
[PlyCount "87"]

1.d4 d5 2.c4 c6 3.Nf3 Nf6 4.Nc3 a6 5.a4 e6 6.g3 dxc4 7.Bg2 c5 8.dxc5 Qxd1+
9.Nxd1 Bxc5 10.Ne5 Ke7 11.O-O Nd5 12.Ne3 Nxe3 13.Bxe3 Nd7 14.Nxc4 Bxe3 15.
fxe3 Rb8 16.Rac1 b6 17.b4 Nf6 18.Ne5 Bd7 19.Rc7 Kd6 20.Nxf7+ Kxc7 21.Rc1+ 
Bc6 22.Nxh8 Rxh8 23.Rxc6+ Kd7 24.Rxb6 Rc8 25.h3 Rc1+ 26.Kf2 Rb1 27.Rxa6 
Rxb4 28.a5 g5 29.Ra7+ Kd6 30.Rg7 h6 31.a6 Ra4 32.a7 Nd5 33.e4 Nb6 34.e5+ 
Kxe5 35.Bc6 Ra2 36.Rb7 Nd5 37.Rh7 Nb6 38.g4 Kd6 39.Bf3 Ke5 40.Rxh6 Rxa7 
41.Rg6 Rh7 42.Rxg5+ Kf6 43.Rb5 Nc4 44.g5+ 1-0

[Event "49th Bosna it"]
[Site "Sarajevo BIH"]
[Date "2019.05.01"]
[Round "7.14"]
[White "Karaoglan, Kivanc"]
[Black "Trkulja, Goran"]
[Result "0-1"]
[WhiteElo "2001"]
[BlackElo "2309"]
[EventDate "2019.04.27"]
[PlyCount "96"]

1.e4 e6 2.d4 d5 3.exd5 exd5 4.Bd3 Nc6 5.c3 Bd6 6.Qf3 Nge7 7.Ne2 Be6 8.Bf4 
Qd7 9.h3 O-O-O 10.Nd2 Bf5 11.O-O-O Bxd3 12.Qxd3 Qf5 13.Qxf5+ Nxf5 14.Bxd6 
Nxd6 15.Nf4 Ne4 16.Nxe4 dxe4 17.Rhe1 f5 18.g4 fxg4 19.hxg4 Rde8 20.Nh5 Re7
21.d5 Ne5 22.Ng3 Nxg4 23.Rxe4 Rxe4 24.Nxe4 Rf8 25.Rg1 h5 26.Rg3 g6 27.f3 
Ne5 28.Rg5 Rf5 29.Rxf5 gxf5 30.Ng3 h4 31.Nxf5 h3 32.Kd2 h2 33.Ng3 Nxf3+ 
34.Ke3 Nh4 35.Kf4 Kd7 36.c4 Ng2+ 37.Kf3 Ne1+ 38.Ke4 b6 39.b3 a5 40.Nh1 Kd6
41.Kd4 Nc2+ 42.Kc3 Nb4 43.a3 Na6 44.Kd4 Nc5 45.b4 Nb3+ 46.Ke4 a4 47.Ke3 b5
48.cxb5 Kxd5 0-1

[Event "49th Bosna it"]
[Site "Sarajevo BIH"]
[Date "2019.05.01"]
[Round "7.15"]
[White "Ozen, Deniz"]
[Black "Peric, Bernard"]
[Result "1-0"]
[WhiteElo "2403"]
[BlackElo "2128"]
[EventDate "2019.04.27"]
[PlyCount "89"]

1.e4 e6 2.d4 d5 3.Nc3 dxe4 4.Nxe4 Nd7 5.Nf3 Ngf6 6.Bd3 Nxe4 7.Bxe4 Nf6 8.
Bg5 Be7 9.Bd3 O-O 10.Qe2 c5 11.dxc5 Qa5+ 12.c3 Qxc5 13.O-O Rd8 14.Rad1 Bd7
15.Ne5 Ba4 16.b3 Be8 17.c4 Rac8 18.Rfe1 a6 19.h3 b5 20.Bc1 bxc4 21.Nxc4 
Qh5 22.Qxh5 Nxh5 23.Be3 Bb4 24.Rf1 Bb5 25.Nb6 Rb8 26.Bxb5 axb5 27.Rxd8+ 
Rxd8 28.a4 Rd3 29.axb5 Rxb3 30.Rd1 h6 31.Nc4 Ba5 32.Nxa5 Rxb5 33.Nc4 Rb8 
34.Ne5 Nf6 35.Nd7 Nxd7 36.Rxd7 Ra8 37.g4 Ra4 38.Kg2 Rc4 39.f4 Ra4 40.h4 
Rc4 41.Kf3 f6 42.Bd4 Ra4 43.g5 Ra3+ 44.Kg4 Rd3 45.g6 1-0

[Event "49th Bosna it"]
[Site "Sarajevo BIH"]
[Date "2019.05.01"]
[Round "7.16"]
[White "Tomic, Aleksandar"]
[Black "Abdic, Adnan"]
[Result "1-0"]
[WhiteElo "2357"]
[BlackElo "2177"]
[EventDate "2019.04.27"]
[PlyCount "93"]

1.d4 Nf6 2.Bg5 Ne4 3.Bf4 c5 4.f3 Qa5+ 5.c3 Nf6 6.d5 d6 7.e4 g6 8.Na3 Nh5 
9.Be3 Bg7 10.Nc4 Qc7 11.a4 Nd7 12.Qd2 a6 13.a5 h6 14.Ne2 Rb8 15.g4 Nhf6 
16.h4 b5 17.axb6 Nxb6 18.Na5 Bd7 19.Qc2 e6 20.dxe6 Bxe6 21.Nf4 Bd7 22.Nc4 
g5 23.hxg5 hxg5 24.Rxh8+ Bxh8 25.Qh2 gxf4 26.Bxf4 Nxc4 27.Bxc4 Ke7 28.e5 
dxe5 29.Bxe5 Nxg4 30.Bxc7 Nxh2 31.Bxb8 Nxf3+ 32.Kf2 Nd2 33.Re1+ Be6 34.
Bxa6 Bf6 35.Ke3 Nb3 36.Kd3 Na5 37.Bc7 c4+ 38.Kc2 Nc6 39.Bxc4 Kd7 40.Bxe6+ 
fxe6 41.Bg3 e5 42.Kd3 Ke6 43.Ke4 Na5 44.Ra1 Nc4 45.Ra6+ Nd6+ 46.Kd3 Kd5 
47.c4+ 1-0

[Event "49th Bosna it"]
[Site "Sarajevo BIH"]
[Date "2019.05.01"]
[Round "7.17"]
[White "Mrndjic, Muamer"]
[Black "Arapovic, Vitomir"]
[Result "1/2-1/2"]
[WhiteElo "2239"]
[BlackElo "2331"]
[EventDate "2019.04.27"]
[PlyCount "42"]

1.e4 e6 2.d4 d5 3.exd5 exd5 4.Nf3 Bd6 5.Bd3 Ne7 6.O-O O-O 7.h3 Bf5 8.Re1 
Bxd3 9.Qxd3 Nbc6 10.c3 Qd7 11.Nbd2 Qf5 12.Qxf5 Nxf5 13.Nf1 Rfe8 14.Bd2 f6 
15.Ne3 Nxe3 16.Rxe3 Rxe3 17.Bxe3 Kf7 18.Re1 Re8 19.Kf1 Ne7 20.Bd2 Nf5 21.
Rxe8 Kxe8 1/2-1/2

[Event "49th Bosna it"]
[Site "Sarajevo BIH"]
[Date "2019.05.01"]
[Round "7.18"]
[White "Hodzic, Nihad"]
[Black "Kanyamarala, Trisha"]
[Result "1/2-1/2"]
[WhiteElo "2296"]
[BlackElo "2028"]
[EventDate "2019.04.27"]
[PlyCount "109"]

1.d4 d5 2.c4 e6 3.Nf3 Nf6 4.Nc3 Bb4 5.cxd5 exd5 6.Bg5 Qd6 7.Nd2 Bf5 8.e3 
c6 9.Be2 Nbd7 10.O-O O-O 11.Rc1 Rfe8 12.a3 Ba5 13.b4 Bb6 14.Nb3 Ne4 15.Bf4
Qe7 16.Nxe4 Bxe4 17.Qd2 Nf6 18.a4 Bg6 19.Bf3 Be4 20.a5 Bc7 21.Bxc7 Qxc7 
22.b5 Bxf3 23.gxf3 Re6 24.Nc5 Rd6 25.b6 axb6 26.axb6 Qc8 27.Ra1 Rb8 28.Kh1
Qh3 29.Qe2 Nd7 30.Rg1 Nxb6 31.Rab1 Nc4 32.Rxb7 Ra8 33.Rbb1 Rf6 34.Rg3 Qf5 
35.Qa2 Re8 36.Rb7 h6 37.Qb1 Qxb1+ 38.Rxb1 Nd2 39.Nd7 Rd6 40.Rb8 Rxb8 41.
Nxb8 f5 42.Rg1 Nxf3 43.Rc1 f4 44.Nxc6 fxe3 45.fxe3 Re6 46.Rc3 Kh7 47.Kg2 
Nd2 48.Ne5 Ne4 49.Rc7 Rf6 50.Nd3 Rg6+ 51.Kf3 Nd2+ 52.Ke2 Ne4 53.Kf3 Nd2+ 
54.Kf4 Nc4 55.Re7 1/2-1/2

[Event "49th Bosna it"]
[Site "Sarajevo BIH"]
[Date "2019.05.01"]
[Round "7.19"]
[White "Terzic, Ilijas"]
[Black "Pastar, Slaven"]
[Result "0-1"]
[WhiteElo "2104"]
[BlackElo "2295"]
[EventDate "2019.04.27"]
[PlyCount "56"]

1.d4 d5 2.Nf3 Nf6 3.c4 dxc4 4.e3 Bg4 5.Bxc4 e6 6.Nc3 Nc6 7.h3 Bh5 8.g4 Bg6
9.Nh4 Be4 10.Nxe4 Nxe4 11.Nf3 Bb4+ 12.Ke2 h5 13.a3 Ba5 14.Bd2 Bxd2 15.Nxd2
Nxd2 16.Kxd2 Nxd4 17.Kc3 Nc6 18.Qf3 Qg5 19.Rad1 hxg4 20.hxg4 Rxh1 21.Rxh1 
O-O-O 22.Rh5 Qe7 23.Bb5 g6 24.Bxc6 gxh5 25.Bxb7+ Kb8 26.Ba6 Qc5+ 27.Bc4 
Qe5+ 28.Kc2 h4 0-1

[Event "49th Bosna it"]
[Site "Sarajevo BIH"]
[Date "2019.05.01"]
[Round "7.20"]
[White "Vajic, Goran"]
[Black "Selimovic, Amir"]
[Result "1-0"]
[WhiteElo "2280"]
[BlackElo "1972"]
[EventDate "2019.04.27"]
[PlyCount "73"]

1.e4 e6 2.d4 d5 3.Nc3 dxe4 4.Nxe4 Bd7 5.c3 Bc6 6.Ng3 Nf6 7.Nf3 Nbd7 8.Bd3 
Be7 9.O-O O-O 10.Qe2 Bd5 11.Rd1 c5 12.dxc5 Nxc5 13.Bc2 Qc7 14.c4 Bxf3 15.
Qxf3 Bd6 16.Be3 Ncd7 17.Rac1 Ne5 18.Qe2 Ng6 19.b3 Rfd8 20.Nf1 Bf4 21.g3 
Bxe3 22.Nxe3 Ne5 23.Kg2 Nc6 24.Ng4 Qe7 25.Nxf6+ Qxf6 26.Be4 Nd4 27.Qe3 
Rab8 28.Rd2 b6 29.Rcd1 e5 30.f4 Qh6 31.Bd5 Re8 32.Qe4 Qh5 33.fxe5 Rxe5 34.
Qxd4 Rbe8 35.Rf1 Re2+ 36.Rf2 Rxd2 37.Qxd2 1-0